000 00571nam a22001817a 4500
005 20231113135923.0
008 231113b |||||||| |||| 00| 0 eng d
020 _a9780409046458
041 _aEnglish
082 _a345.3 NEE
100 _aNeethling, J and Potgieter, JM
_lEnglish
245 _aNeethling-Potgieter-Visser: Law of Delict
_cJ Neethling and JM Potgieter
250 _aSixth Edition
260 _aDurban :
_bLexisNexis,
_c2010
300 _bxii, 443 pages ;
_c25 cm.
650 _aLegal practice
_bLaw
942 _cBK
_6ALISON_BN_VRIES
999 _c579
_d579